|
|
|
|
| LEADER |
00000nam0a2200000 4500 |
| 001 |
144885 |
| 005 |
20231031143850.0 |
| 010 |
|
|
|a 9785868894138
|
| 035 |
|
|
|a (RuTPU)RU\TPU\book\157037
|
| 090 |
|
|
|a 144885
|
| 100 |
|
|
|a 20081009d2007 m y0rusy50 ca
|
| 101 |
0 |
|
|a rus
|
| 102 |
|
|
|a RU
|
| 105 |
|
|
|a a j 001zy
|
| 200 |
1 |
|
|a Интегральное исчисление. Дифференциальные уравнения
|e учебное пособие
|f А. А. Ельцов, Т. А. Ельцова
|g Томский государственный университет систем управления и радиоэлектроники (ТУСУР)
|
| 210 |
|
|
|a Томск
|c Изд-во ТУСУР
|d 2007
|
| 215 |
|
|
|a 264 с.
|c ил.
|
| 320 |
|
|
|a Литература: с. 262-263.
|
| 330 |
|
|
|a В краткой конспективной форме изложен материал по неопределенному и определённому, кратным, поверхностным и криволинейным интегралам, элементам теории поля и дифференциальным уравнениям в объёме, предусмотренном ныне действующей программой втузов. Пособие написано для студентов дневных и заочных факультетов. Отличительной особенностью является использование матричного и векторного аппарата. Теоретический курс дополнен примерами и контрольными заданиями. Может быть использовано для самостоятельной работы студентов.
|
| 610 |
1 |
|
|a интегральное исчисление
|
| 610 |
1 |
|
|a дифференциальные уравнения
|
| 610 |
1 |
|
|a учебные пособия
|
| 610 |
1 |
|
|a неопределенные интегралы
|
| 610 |
1 |
|
|a определенные интегралы
|
| 610 |
1 |
|
|a кратные интегралы
|
| 610 |
1 |
|
|a криволинейные интегралы
|
| 610 |
1 |
|
|a поверхностные интегралы
|
| 610 |
1 |
|
|a теория поля
|
| 610 |
1 |
|
|a системы дифференциальных уравнений
|
| 610 |
1 |
|
|a устойчивость
|
| 610 |
1 |
|
|a контрольные работы
|
| 610 |
1 |
|
|a высшая математика
|
| 675 |
|
|
|a 517.3(075.8)
|v 3
|
| 675 |
|
|
|a 517.9(075.8)
|v 3
|
| 700 |
|
1 |
|a Ельцов
|b А. А.
|g Александр Александрович
|
| 701 |
|
1 |
|a Ельцова
|b Т. А.
|g Тамара Александровна
|
| 712 |
0 |
2 |
|a Томский государственный университет систем управления и радиоэлектроники (ТУСУР)
|c (1997 - )
|2 stltpush
|3 (RuTPU)RU\TPU\col\422
|
| 801 |
|
1 |
|a RU
|b 63413507
|c 20081009
|g PSBO
|
| 801 |
|
2 |
|a RU
|b 63413507
|c 20140424
|g PSBO
|
| 942 |
|
|
|c BK
|